[Event "Penta Media GM"]
[Site "Kelamabakkam"]
[Date "2000.08.19"]
[Round "6"]
[White "Reefat, Bin Sattar"]
[Black "Fominyh, Alexander"]
[Result "1-0"]
[WhiteElo "2467"]
[BlackElo "2594"]
[Annotator "Ribli,Z"]
[PlyCount "59"]
[EventDate "2000.08.14"]
[EventType "tourn"]
[EventRounds "12"]
[EventCountry "IND"]
[EventCategory "11"]
[SourceTitle "CBM 079"]
[Source "ChessBase"]
[SourceDate "2000.11.21"]
[SourceVersion "1"]
[SourceVersionDate "2000.11.21"]
[SourceQuality "1"]

1. e4 c5 2. Nf3 Nc6 3. d4 cxd4 4. Nxd4 e6 5. Nc3 Qc7 6. Be2 a6 7. O-O Nf6 (7...
Bc5) 8. Kh1 {Dieser Zug ist ebenso populär wie 8.Be3. In vielen Varianten der
Sizilianischen Verteidigung muss Weiß früher oder später Kh1 spielen. Mit dem
Textzug verfolgt Weiß die folgende Idee: er zieht diesen Zug vor und
entwickelt den Bc1 in Abhängigkeit zur schwarzen Spielweise.} Bc5 {Das ist die
Lieblingsvariante des russischen Großmeisters. Schwarz kämpft gegen den Nd4
und möchte entweder : 1. den Springer nach b3 verteiben, oder 2. nach 8.Be3
Ne7 spielen und die Fesslung des Springers auf der Diagonale a7-g1 ausnutzen
oder 3. den Springertausch auf c6 forcieren.} 9. Nxc6 $5 {Diese Spielweise
bietet Weiß Chancen auf Eröffnungsvorteil. Weiß tauscht den Springer und
beginnt sofort mit aktivem Spiel im Zentrum.} (9. Be3 Ne7 10. f4 d6 11. Qd2 (
11. Qe1 O-O 12. Rd1 b5 13. e5 dxe5 14. fxe5 Nfd5 15. Nxd5 Nxd5 16. Bf3 Nxe3 17.
Qxe3 Bb7 {0-1 Ostos,J-Morovic Fernandez,I/Yerevan 1996/EXT 97 (82)}) 11... O-O
12. a3 (12. f5 e5 13. Nb3 Bxe3 14. Qxe3 b5 15. a3 Bb7 16. Bf3 Rac8 17. Rad1
Rfd8 18. Rfe1 Nd7 {1/2-1/2 Sziebert,A-Murzin,L/Budapest HUN 2000 (76)}) 12...
b5 13. b4 Bb6 14. Bd3 e5 $5 15. fxe5 dxe5 16. Nde2 Ng4 $1 {1/2-1/2 Svidler,
P-Fominyh,A/Elista 1995/CBM 50/[Ribli] (25)}) (9. Nb3 Ba7 (9... Be7 10. f4 d6
11. a4 b6 12. Bd3 Bb7 13. Qe1 $13 {Nijboer,F-Linhart,W/Wien op/1990/CBM21/})
10. f4 d6 11. Qd3 O-O 12. Qg3 d5 13. e5 Ne4 14. Nxe4 dxe4 15. Be3 b5 16. Nd2
Bb7 17. Nxe4 Bxe3 18. Qxe3 Nb4 {1/2-1/2 Garcia,G-Morovic Fernandez,I/
Cienfuegos 1996/CBM 54 (52)}) 9... bxc6 {In der Paulsen-Variante muss man
gewöhnlich so zurückschlagen, um das eigene Zentrum zu stärken.} (9... dxc6 10.
f4 O-O 11. e5 Rd8 12. Bd3 Nd7 13. Ne4 Be7 14. Qh5 Nf8 15. Be3 c5 16. Rad1 b6
17. Qg4 {1-0 Polgar,J-Vescovi,G/Cap d'Agde 1998/EXT 99 (84)}) 10. f4 (10. Bg5
h6 (10... Be7) 11. Bxf6 gxf6 12. Bh5 Rb8 $2 13. Bxf7+ {1-0 David,A-Fominyh,A/
Elista 1998/CBM 66 ext (39)}) 10... d5 (10... d6 {Der Nachteil dieses Zugs ist,
dass der Bc5 nicht nach e7 zurückziehen kann - zudem wird der schwarze
Königsflügel angreifbar.} 11. b3 O-O 12. Bb2 $14) 11. e5 Nd7 12. Na4 {
Angesichts des geschlossenen Zentrums spielt Weiß gewöhnlich diesen
Springerzug (denn der möchte c2-c4 ziehen). Hier ist das besonders stark, denn
der Läufer steht unglücklich auf c5.} Ba7 (12... Be7 13. c4 Nb6 14. Be3 Nxa4
15. Qxa4 Bd7 16. Qc2 Qb7 17. Bd3 g6 18. Qf2 $14 {1/2-1/2 Bologan,V-Vescovi,G/
Elista 1998/CBM 66 ext (63)}) 13. c4 Bb7 {Das ist eine Abweichung von einer
früheren Partie, allerdings ist es nur eine Zugumstellung, denn früher oder
später muss Schwarz immer Bb7 und auch 0-0 spielen.} (13... O-O 14. Bd2 (14. b3
$5 {[%cal Gc1a3,Ga3f8]}) (14. Qc2 $5 {[%cal Ge2d3,Gc2h7]}) 14... d4 $5 (14...
Bb7 15. cxd5 cxd5 16. Rc1 $14) 15. Qe1 Bb7 16. Ba5 Qc8 17. c5 $5 Nxc5 18. Nb6
Bxb6 19. Bxb6 Nd7 20. Bxd4 c5 {1/2-1/2 Van der Wiel,J-Fominyh,A/Bugojno 1999/
CBM 74/[Ribli] (25)}) 14. Qc2 $1 $14 {[%csl Gc2][%mdl 4] Die Dame steht
ausgezeichnet auf c2 - Schwarz muss jetzt entweder mit cxd5 rechnen und kann
wegen der Fesslung nur exd5 spielen, zudem kann Weiß in einigen Varianten, wie
in unserer Partie, c4-c5 spielen. Die dritte Idee dieses Zuges ist, dass Weiß
anschließend mit Be2-d3 eine Schwächung des schwarzen Königsflügels
provozieren kann.} O-O 15. Bd3 g6 $6 {Dieser Zug gefällt mir nicht - die
schwarze Bauernstruktur am Königsflügel verliert an Elastizität.} (15... h6 $5
16. c5 (16. cxd5 exd5 {[%cal Gc6c5]}) 16... f6) 16. c5 Bb8 $6 {Schwarz möchte
die Stellung seiner Läufer verbessern, aber auf so engem Raum ist das kaum zu
machen.} (16... f6 $2 {Dieser Befreiungszug geht nicht aufgrund von 15...g6?!.}
17. Bxg6 hxg6 18. Qxg6+ Kh8 19. Rf3 $18) (16... Rad8 $14) 17. Be3 {[%cal Ge3d4]
Der Läufer strebt nach d4, von wo aus er praktisch das ganze Brett
kontrolliert.} a5 {[%cal Gb7a6] Schwarz möchte den Läufer mittels Ba6
abtauschen und so den positionellen Druck von Weiß verringern.} 18. Nb6 (18.
Bd4 $14) (18. Qe2 $14) 18... Ra7 (18... Nxb6 19. cxb6 Qd7 20. Bc5 $16) 19. Qe2
{Weiß verhindert den Läufertausch.} Qd8 20. Bd4 $16 {Weiß hat mächtigen
Raumvorteil, die schwarze Stellung ist sehr passiv.} Bc7 21. Nxd7 (21. Qe3 $6
Ba6 $14) 21... Qxd7 22. g4 $40 {[%csl Gd3,Gd4][%mdl 128] Das weiße Läuferpaar
ist phantastisch. Nun kann sich Weiß an den Durchbruch f4-f5 machen.} Qe7 $2 {
Dieser Zug hilft nichts - das schwarze Gegenspiel (der Damenzug bereitet Qh4
vor) ist illusorisch.} (22... Qc8 $8 23. f5 Ba6 $16) 23. f5 {Die Dame steht
unglücklich auf e7, in einigen Varianten muss Schwarz mit f5-f6 rechnen.} exf5
24. gxf5 Qh4 25. Qe3 Raa8 $6 (25... Ba6 26. fxg6 hxg6 27. Rf6 $16) 26. Rf3 $18
{[%csl Rh4] Die weiße Drohung ist einfach - es droht 27.Rh3 nebst 28.Rg1 mit
Damenfang. Die Dame kann z.B. nicht nach 26...Qe7 ziehen, denn darauf folgt 27.
Qh6 mit Mattangriff.} (26. Rf4 Qh6) 26... f6 (26... Rae8 27. Rh3 Qg4 28. Rg1
$18) 27. fxg6 {Weiß greift den schwarzen König mit aller Energie an. Schwarz
bleibt keine Verteidigung.} Bc8 28. gxh7+ Kh8 29. Rf4 Qh6 (29... Qh3 30. Rxf6
Rxf6 31. Qxh3 Bxh3 32. exf6 $18) 30. Rxf6 1-0

[Event "Budapest zt 1.4"]
[Site "Budapest"]
[Date "2000.06.22"]
[Round "6"]
[White "Manik, Mikulas"]
[Black "Horvath, Jozsef"]
[Result "1/2-1/2"]
[WhiteElo "2469"]
[BlackElo "2557"]
[Annotator "Ribli,Z"]
[PlyCount "61"]
[EventDate "2000.06.17"]
[EventType "swiss"]
[EventRounds "9"]
[EventCountry "HUN"]
[SourceTitle "CBM 078"]
[Source "ChessBase"]
[SourceDate "2000.10.18"]
[SourceVersion "1"]
[SourceVersionDate "2000.10.18"]
[SourceQuality "1"]

1. e4 c5 2. Nf3 e6 3. d4 cxd4 4. Nxd4 Nc6 5. Nc3 Qc7 {Der ungarische
Großmeister spielt gerne die Taimanov-Paulsen-Variante.} 6. f4 Nxd4 {Das ist
die präzise Zugfolge - nach 6...a6 7.Be2 kämen wir nach 7...Nxd4 ebenfalls zur
Partiefortsetzung, aber Schwarz muss mit 7.Nxc6! rechnen, wonach Weiß durch 8.
Bd3, 9.Qe2, 10.Bd2 gutes Spiel bekommt.} 7. Qxd4 a6 8. Be3 b5 {Weiß hat großen
Entwicklungsvorteil, aber die Dame steht unglücklich auf d4. Nach 8...Bb7 wird
der Läufer stark auf der großen Diagonale.} 9. Be2 Bb7 (9... Ne7 10. O-O Nc6
11. Qd2 Bb7 12. Rfd1 Rc8 13. Kh1 Be7 14. Rac1 Na5 15. Qd4 Bf6 16. e5 Be7 17.
Ne4 Bxe4 18. Qxe4 Nc4 {1/2-1/2 Gallagher,J-Kaenel,H/SUI 1996/CBM 55 ext (79)})
10. Bf3 $6 {Vielleicht ist dieser Zug noch nicht schlecht, aber früher, oder
später muss sich Weiss doch entscheiden. ob er kurz oder lang rochieren will.}
(10. O-O-O Rc8 {Das ist eine Grundstellung der Variante mit 6.f4. Schwarz
bekommt m.E. ausreichendes Gegenspiel.}) (10. O-O Rc8 {Das ist die andere
Grundstellung der Variante mit 6.f4, in der Weiß positiuonellen Druck
aufzubauen versucht.}) 10... Rc8 (10... Ne7 11. O-O Nc6 $6 (11... Rc8 $1 {
Dieser Zug führte zu unserer Partie zurück.}) 12. Qd3 Be7 13. Rad1 d6 14. Qe2
O-O 15. Qf2 Rac8 16. Rd2 Qb8 {1-0 Lengyel,B-Horvath/Budapest 1993/EXT 98 (41)})
11. O-O (11. Rd1 Ne7 12. Qd2 Bc6 13. Bc5 Ng6 14. Bxf8 Rxf8 15. f5 Ne5 16. O-O
Nc4 17. Qg5 Qe5 18. Rfe1 Qc5+ 19. Kh1 Nxb2 {0-1 Edelman,D-Novgorodskij,V/
Budapest 1996/EXT 98 (30)}) 11... Ne7 $5 {Der weiße Läufer steht auf f3,
deshalb kann Schwarz diesen Zug spielen. Stünde der Läufer auf e2, dann wäre
das wegen des Motivs Bxb5 ein ganz schlechter Zug.} (11... Nf6 $2 12. e5 $1
Bxf3 $140 13. exf6 $1 $18) (11... h5 $5) 12. a3 $2 {Dieser Zug ist eigentlich
ein Tempoverlust.} (12. Rad1) (12. Kh1) {[#]} 12... d5 $5 $15 {[%mdl 64] Wegen
der Motive auf der Diagonale g1-a7 kann Schwarz mit diesem Zug die Initiative
bekommen. Es droht 13...Nc6 nebst 14...d4 mit Gewinn.} (12... Nc6 13. Qb6 Qxb6
14. Bxb6 d6 15. Rfd1 Be7 16. Rd2 Rg8 17. g3 g5 18. Kf2 Bd8 19. Bxd8 Rxd8 {
1/2-1/2 Womacka,M-Schlosser,P/Cattolica 1993/TD (24)}) 13. Kh1 $8 (13. exd5 $4
Nf5 $19) (13. e5 Nf5 $19) 13... dxe4 (13... Nc6 14. Qb6 $11) 14. Bxe4 Bxe4 15.
Qxe4 (15. Nxe4 Nf5 $17) 15... Nf5 {[%csl Gf5][%cal Gc8c2] Weiß hat zwar immer
Entwicklungsvorteil, doch der schwarze Springer steht ausgezeichnet auf f5 und
auch der schwarze Druck auf der c-Linie ist meklich.} 16. Bg1 $6 Be7 (16... h5
$5 {Es droht das Motiv 17...h4 nebst 18...Ng3+.} 17. Rfe1 Be7 18. Rad1 h4 $15)
17. Rfe1 O-O (17... h5 18. Rad1 h4 $15 19. Qxf5 $2 exf5 20. Nd5 Qxc2 $19) 18.
Re2 $5 {[%mdl 256] Damit verteidigt Weiß den Pc2 und bereitet das Manöver
Nd1-Pc3-Ne3 vor.} Rfd8 (18... Bc5 $5) 19. g3 (19. Nd1) 19... h5 $6 {Dieser
Sicherungszug ist nicht die beste Fortsetzung.} (19... Bc5 $1 $15 {Schwarz
kontrolliert die wichtigsten Felder im Zentrum, er steht ausgezeichnet.}) 20.
Nd1 $5 Bc5 21. Bxc5 Qxc5 22. c3 Nd6 {[%cal Gd6c4]} (22... Rc6 $15 {[%cal Gc6d6,
Gd8d1]}) 23. Qg2 Qc4 $6 {Schwarz fühlt, dass der Punkt c4 schwach ist, aber
der Springerzug nach c4 wäre viel besser.} (23... Nc4 $142 $15) 24. Ne3 Qb3 {
Die Dame steht nur scheinbar aktiv auf b3, in Wirklichkeit droht sie nichts.}
25. Qf3 (25. g4 $6 hxg4 26. Qxg4 g6 $15) 25... g6 26. Rd2 {[%cal Ga1d1]} Nc4
27. Nxc4 Qxc4 $138 {In Zeitnot wählt Schwarz die natürliche Fortsetzung, aber
das Figurenopfer für drei Bauern kommt stark in Betracht.} (27... Rxd2 $5 28.
Nxd2 Qxb2 {[%cal Rb2d2,Rb2a1]} 29. Rd1 (29. Qd1 $2 Rd8 $19) 29... Rxc3 30. Qe2
Rxa3 $15) 28. Rad1 $11 Rxd2 29. Rxd2 a5 {Weiß hat die Bauernmehrheit am
Damenflügel, doch der schwarze Druck reicht aus, um das Gleichgewicht
herzustellen.} 30. Kg2 Qc5 31. Qe4 1/2-1/2

[Event "Olympiad-34"]
[Site "Istanbul"]
[Date "2000.11.02"]
[Round "6.1"]
[White "Stefansson, Hannes"]
[Black "Milos, Gilberto"]
[Result "1-0"]
[WhiteElo "2557"]
[BlackElo "2633"]
[Annotator "Ribli,Z"]
[PlyCount "73"]
[EventDate "2000.10.28"]
[EventType "team-swiss"]
[EventRounds "14"]
[EventCountry "TUR"]
[SourceTitle "EXT 2001"]
[Source "ChessBase"]
[SourceDate "2000.11.22"]
[SourceVersion "1"]
[SourceVersionDate "2000.11.22"]
[SourceQuality "1"]
[WhiteTeam "Iceland"]
[BlackTeam "Brazil"]
[WhiteTeamCountry "ISL"]
[BlackTeamCountry "BRA"]

1. e4 c5 2. Nf3 e6 3. d4 cxd4 4. Nxd4 Nc6 5. Nc3 Qc7 6. Be2 a6 7. O-O Nf6 8.
Kh1 (8. Be3) 8... Nxd4 {Das ist die Hauptfortsetzung, aber 8...d6 ist auch gut
spielbar.} 9. Qxd4 Bc5 10. Qd3 b5 (10... h5) 11. f4 Bb7 12. a4 $5 $146 {
Das ist eine ganz interessante, neue Idee. Weiß spielt nicht die gewöhnliche
und automatische Fortsetzung 12.Bf3, sondern beginnt sofort mit aktivem Spiel
am Damenflügel.} (12. Bf3 O-O (12... Bb4 $6 $146 13. e5 Bxc3 14. bxc3 Nd5 15.
Ba3 $16 {1/2-1/2 Timman,J-Polgar,J/Wijk aan Zee 1998/Inf 71/[Timman,J] (34)}) (
12... h5 $5) 13. e5 Ne8 14. Bxb7 Qxb7 15. f5 (15. a4 b4 16. Ne4 Be7 17. Be3 $5
(17. f5 f6 18. fxe6 dxe6 19. exf6 Nxf6 20. Ng5 Qd5 21. Bf4 Qxd3 22. cxd3 Nd5
23. Nxe6 Nxf4 24. Nxf4 Bf6 {1-0 Zapata,A-Mosquera,M/Fusagasuga COL 1999 (99)})
17... Qc6 18. Ng5 Bxg5 $2 (18... g6 19. Bd4 Rc8 $13) 19. fxg5 Nc7 20. Rf4 $16 {
1-0 Anand,V-Ribli,Z/Novi Sad (ol) 1990/Inf 50/[Anand,V] (31)}) 15... f6 16. Bf4
Qc6 (16... Be7 17. Rae1 fxe5 18. Bxe5 Qc6 (18... Rc8 19. fxe6 Rxf1+ 20. Rxf1
dxe6 21. Ne2 (21. Ne4 $5 Qd5 22. Qf3 h6 23. Bc3 $1 b4 24. Qf7+ Kh7 25. Qxe7
Qxe4 26. Re1 $1 Qxc2 27. Qxb4 $16) 21... Nf6 22. Nf4 Qc6 23. c3 Rd8 24. Qe2 Qe4
$1 {1/2-1/2 Ivanchuk,V-Hjartarson,J/New York PCA-Intel GP 1995 (28)}) 19. fxe6
Rxf1+ 20. Rxf1 dxe6 21. Ne4 Qd5 22. Qf3 h6 23. Qf4 Rc8 24. Nc3 Qc4 25. Qf7+ Kh8
26. Rf4 Qc5 27. Qxe6 Bf6 28. Bxf6 Nxf6 {1/2-1/2 Dworakowska,J-Blimke,D/Brzeg
Dolny POL 2000/The Week in Chess 298 (49)}) (16... exf5 17. a4 $1 $36 fxe5 18.
Bxe5 b4 $6 19. Qc4+ Kh8 20. Qxc5 d6 21. Qd5 $1 {1-0 Anand,V-Kasimdzhanov,R/
Wijk aan Zee 1999/CBM 69/[Ribli] (39)} (21. Bxd6 Nxd6 22. Qxd6 bxc3 23. bxc3
Qb2 24. Qd3 $14)) 17. Rad1 exf5 18. Qxd7 Qxd7 19. Rxd7 fxe5 20. Bxe5 Ra7 21.
Rd5 Be7 22. Bd4 {1-0 Van den Doel,E-Hendriks,W/Leeuwarden NED 2000 (40)}) 12...
b4 (12... bxa4 13. Rxa4 $14 (13. e5 Nd5 14. Nxa4 $14)) 13. e5 Nd5 (13... bxc3
14. exf6 gxf6 (14... cxb2 15. Bxb2 gxf6 16. Bxf6 Rg8 17. Bf3 $14 {Weiss hat
etwas bessere Aussichten, als der schwarze Koenig steht in der Mitte.}) 15.
Qxc3 Rg8 16. Bf3 $14) 14. Ne4 (14. Nxd5 Bxd5 $11) 14... Be7 (14... O-O 15. c4 (
15. Ng5 f5 16. exf6 Nxf6 {[%cal Gb7h1,Gc5g1]} 17. Bf3 $11) 15... bxc3 16. bxc3
Be7 $13) 15. Qg3 g6 $13 {Schwarz hat Probleme bei der Platzierung des Königs,
aber sein Nd5 steht ausgezeichnet. Weiß hat am Königsflügel Angriffschancen,
aber bis jetzt noch keine konkreten Drohungen.} (15... O-O 16. f5 $40 {[%cal
Gc1h6]}) 16. Bd3 f5 (16... O-O 17. f5 $40) 17. exf6 Nxf6 18. Ng5 (18. Nxf6+ $6
Bxf6 $15 {[%csl Gb7,Gf6]}) 18... Nh5 (18... Qc6 $13) (18... O-O 19. Nxh7 Kxh7
20. Qxg6+ Kh8 {Weiß hat Dauerschach, aber die Frage ist, ob er auch mehr als
das hat.} 21. Re1 {[%cal Re1e3,Re3h3]} (21. Qh6+ Kg8 $11) 21... Bc5 (21... Qc6
22. Re3 Qxg2+ 23. Qxg2 Bxg2+ 24. Kxg2 $16) 22. Re5 (22. Qh6+ Kg8 23. Re5 Kf7)
22... d6 23. Rxe6 Bd4 $13) 19. Qg4 Bxg5 $6 {[%mdl 16384] Dieser Zug gefällt
mir nicht. Schwarz gibt freiwillig das Läuferpaar her, obwohl der Ng5 gar
nicht so gefährlich war.} (19... Nf6 $5 20. Qe2 (20. Qh4) 20... O-O $13) 20.
Qxg5 (20. fxg5 $5 $14 {[%cal Gg4b4,Gf1f8]}) 20... O-O 21. Bd2 {[%cal Gd2b4]}
Rf7 {[%cal Ga8f8,Gf8f1]} 22. Rae1 (22. f5 $5) (22. Bxb4 $2 Nxf4 $19 {[%csl Rg2]
}) 22... Raf8 {[#]} 23. f5 $1 $36 {Weiß gibt aus freien Stücken seinen
f-Bauern her, aber da Schwarz mit dem Bauern nehmen muss, werden seine Türme
auf der f-Linie passiv.} exf5 24. Bxb4 d6 (24... Rc8 25. Bc3 $16 {[%csl Gc3]
[%cal Gc3h8]}) 25. Re6 $16 {[%csl Gb4,Gd3,Ge6,Gg5][%mdl 2048] Weiß hat sehr
aktive Figuren und das Läuferpaar. Schwarz hingegen hat viele Felderschwächen
- besonders am Königsflügel.} f4 {Schwarz verteidigt nicht den Pd6, sondern
sucht Aktivität um jeden Preis, um ein wenig im Trüben fischen zu können.} (
25... Rd7 26. Bc3 $16) 26. Bxd6 f3 (26... Qc6 27. Bxf8 Qxe6 28. Bc5 Ng3+ 29.
Kg1 (29. hxg3 Qh3+ $19) 29... Nxf1 30. Qd8+ Kg7 31. Bd4+ $18) 27. gxf3 (27.
Rxf3 Rxf3 28. gxf3 Qf7 (28... Bxf3+ 29. Kg1 Qb6+ 30. Qe3 $18) (28... Rxf3 29.
Kg1) 29. Re3 Bxf3+ 30. Kg1 {Das ist eine Zugumstellung zur Partiefortsetzung.})
27... Rxf3 (27... Qd7 28. Bc4 $18 {[%csl Rg8][%cal Rc4g8]}) 28. Rxf3 Qf7 (28...
Bxf3+ 29. Kg1 Qb6+ 30. Qe3 $18) 29. Ree3 Bxf3+ 30. Kg1 {Weiß behält nach
diesem forcierten Abspiel einen Mehrbauern über und hat Initiative am
Königsflügel.} Rc8 31. Re7 Qf6 (31... Qd5 32. Qh6 Qd4+ 33. Kf1 $18) 32. Qxf6 (
32. Rg7+ $5 Kxg7 (32... Qxg7 33. Bc4+ Rxc4 34. Qd8+ Kf7 35. Qe7+ Kg8 36. Qe8+
$18) (32... Kh8 33. Qxf6 Nxf6 34. Rf7 $18) 33. Be5 $18) 32... Nxf6 33. Be5 {
[%csl Gd3,Ge5,Ge7] Auch nach dem Damentausch ist die weiße Initiative nicht
schwächer.} Nd5 (33... Rc6 34. Ra7 $18) (33... Rf8 34. Bc4+ Kh8 35. Bf7 Kg7 36.
Bd5+ $18) 34. Rg7+ Kf8 35. Rxh7 $18 {Weiß hat schon zwei Bauern mehr und
deutliche Drohungen.} Rc6 36. Rb7 Bd1 37. Be4 (37. Be4 Rc5 (37... Re6 38. Bg7+
$18) 38. Bd6+ $18) 1-0

[Event "Kiev Spring"]
[Site "Kiev"]
[Date "2000.03.24"]
[Round "3"]
[White "Vorobiov, Evgeny E"]
[Black "Gritsak, Orest"]
[Result "1-0"]
[WhiteElo "2500"]
[BlackElo "2522"]
[Annotator "Ribli,Z"]
[PlyCount "83"]
[EventDate "2000.03.22"]
[EventType "tourn"]
[EventRounds "11"]
[EventCountry "UKR"]
[EventCategory "11"]
[SourceTitle "CBM 077"]
[Source "ChessBase"]
[SourceDate "2000.07.27"]
[SourceVersion "1"]
[SourceVersionDate "2000.07.27"]
[SourceQuality "1"]

1. e4 c5 2. Nf3 e6 3. Nc3 a6 4. d4 cxd4 5. Nxd4 Qc7 {Nach Zugumstellung haben
wir eine bekannte Stellung der Paulsen-Variante vor uns.} 6. g3 Nf6 (6... Bb4)
7. Bg2 Nc6 8. O-O Nxd4 9. Qxd4 Bc5 10. Bf4 {Dieser Zwischenzug ist stärker als
das genügsame 10.Qd3.} d6 11. Qd2 h6 {Dieser Zug ist nützlich, weil Schwarz
anschließend e6-e5 ziehen muss und der Partiezug Weiß die Möglichkeit Bg5
nimmt.} 12. Rad1 e5 13. Be3 {Das ist eine wichtige Eröffnungsstellung, in der
Schwarz drei Alternativen zur Wahl stehen: 13...Ke7, danach steht der König
etwas unsicher im Zentrum. 13...Be6, die Partiefortsetzung. Und 13...Bg4, aber
hier entstehen oft Stellungen der Variante mit 13...Be6, denn Weiß spielt f3
und f4, Schwarz Bg4 und Be6.} Be6 (13... Bg4 14. Bxc5 dxc5 15. f3 Be6 16. f4
O-O 17. Nd5 Bxd5 18. exd5 Qd6 19. fxe5 Qxe5 20. c4 (20. d6 Qxb2 21. Rb1 Qxa2
22. Rxb7 Rad8 23. Rd1 Rfe8 24. Qf2 Re5 {0-1 Horvath,T-Fominyh,A/Budapest 1996/
CBM 56/[ChessBase] (87)}) 20... Qd6 21. Qf4 Rad8 22. Rfe1 Qxf4 23. gxf4 Ne8 24.
Re7 Nd6 25. b3 Rfe8 26. Rde1 Kf8 {1/2-1/2 Ernst,T-Bergstrom,C/Norrkoeping 1988/
EXT 97 (64)}) 14. Bxc5 dxc5 15. f4 (15. Nd5 Bxd5 16. exd5 Qd6 $13 {[%csl Gd6]
Die schwarze Dame blockiert schön den weißen Bauern.}) 15... O-O 16. Nd5 Bxd5
17. exd5 Rfe8 $2 {[%mdl 16384] Dieser Zug gefällt mir nicht, weil Schwarz den
weißen Pd6 nicht blockiert.} (17... Qd6 18. fxe5 Qxe5 19. d6 Qxb2 {Das ist -
durch Zugumstellung - die Variante 13...Bg4 (s. die Partie Horvath,T - Fominyh,
A Budapest 1996).}) 18. d6 {[%csl Gg2][%cal Gg2a8]} Qd7 19. fxe5 Rxe5 20. Qa5
$14 {Weiß übt dank seines starken d-Bauern und des Bg2 spürbar positionellen
Druck am Damenflügel aus.} Rc8 (20... Re2 21. Qc7 Rd8 22. Bxb7 Rxc2 23. b4 $16)
21. Rf4 {Auf diese Weise verhindert Weiß das mögliche Ne4.} (21. Qb6 Ne4 $132)
21... Re2 22. Qb6 Rxc2 23. Qxb7 Qxb7 (23... Re8 24. Qxd7 Nxd7 25. Rf2 Rxf2 (
25... Ree2 26. Rxe2 Rxe2 27. Bh3 $18) 26. Kxf2) 24. Bxb7 Rd8 25. Rf2 {Mit
diesem Zug tauscht Weiß die einzige aktive schwarze Figur ab.} Rxf2 26. Kxf2 a5
27. Kf3 {[%csl Gb7,Gd1,Gd6,Gf3] Alle weißen Figuren stehen aktiv.} Ne8 {
Schwarz muss den Zug d6-d7 provozieren. Sonst bekommt er keinen aktiven
Spielplan.} 28. d7 Nf6 29. Bc6 Kf8 {Da der weiße Bauer nach d7 vorgerückt ist,
kann der schwarze König nach e7 gelangen.} 30. Kf4 {[%cal Gf4e5,Ge5d6,Gd6c5]}
Ke7 31. Re1+ Kd6 (31... Kf8 $2 32. Re8+ Nxe8 33. dxe8=Q+ Rxe8 34. Bxe8 Kxe8 35.
Ke5 Ke7 (35... g5 36. Kd5 f5 37. Kxc5 Kf7 38. Kd5 $18) 36. Kd5 f5 37. Kxc5 Ke6
38. Kd4 $18 {Weiß hat einen entfernten Freibauern, das ist entscheidend im
Bauernendspiel.}) 32. Re8 Kc7 33. Bb5 Nxd7 34. Re7 Kd6 35. Rxf7 {Nach
forcierten Zügen ist ein Endspiel entstanden, in dem Weiß viel aktiver steht.
Es hängt der Pg7, gleichzeitig droht die Abwicklung ins Bauernendspiel.} Rf8
36. Rxf8 Nxf8 {[%mdl 4096]} 37. Kf5 $16 {[%csl Gb5,Gf5] Mit seinem aktiven
König hat Weiß gute Gewinnchancen. Der Springer muss auf f8 bleiben, sonst
entscheidet das Eindringen des weißen Königs die Partie sofort.} Kd5 (37... Ke7
38. Ke5 $16) 38. b3 Kd4 39. a4 (39. Bc4 $6 a4) 39... Kd5 40. Bc4+ Kd6 $6 (40...
Kd4 41. h4 $16) 41. h4 h5 $2 (41... Kc6 42. Ke5 $16) 42. Bf7 $18 {[%csl Rh5]}
1-0